CETA jako model nové generace obchodních dohod mezi EU a vyspělými státy
Komplexná hospodárska a obchodná dohoda medzi Európskou úniou a Kanadou. Špecifiká obchodnej a investičnej dohody medzi Európskou úniou a Kanadou, vrátane dynamiky vyjednávacieho procesu a kľúčových kapitol, ktoré prináša významné zmeny pre európskych a kanadských podnikateľov.
Saved in:
| Main Author: | |
|---|---|
| Format: | Book Chapter |
| Language: | Czech |
| Subjects: | |
| Tags: |
No Tags, Be the first to tag this record!
|
MARC
| LEADER | 00000naa a2200000 4500 | ||
|---|---|---|---|
| 001 | 0262699 | ||
| 005 | 20200226144041.8 | ||
| 041 | 0 | |a cze | |
| 044 | |a CZ | ||
| 245 | 1 | 0 | |a CETA jako model nové generace obchodních dohod mezi EU a vyspělými státy |c Lucie Bartošková |
| 520 | |a Komplexná hospodárska a obchodná dohoda medzi Európskou úniou a Kanadou. Špecifiká obchodnej a investičnej dohody medzi Európskou úniou a Kanadou, vrátane dynamiky vyjednávacieho procesu a kľúčových kapitol, ktoré prináša významné zmeny pre európskych a kanadských podnikateľov. | ||
| 610 | 2 | 0 | |a regionalizmus |
| 610 | 2 | 0 | |a Európska únia |
| 610 | 2 | 0 | |a Kanada |
| 610 | 2 | 0 | |a dohody obchodné |
| 610 | 2 | 0 | |a vyjednávanie |
| 100 | 1 | |a Bartošková, Lucie | |